000 00573nam a2200193 a 4500
005 20240419063906.0
008 040816s1996 mx r 000 0 spa d
020 _a9682612616
035 _aUPN01000134248
049 _aCG
050 4 _aQA276
_bW4.4
100 1 _aWeimer, Richard C.
245 1 0 _aEstadística /
_cRichard C. Weimer ; tr. Ana Irene Ramírez Galarza.
260 _aMéxico :
_bCECSA,
_c1996.
300 _axxi, 839 p. :
_bgráfs, tablas
534 _pTraducción de:
_tStatistics
650 4 _aEstadística
_xEstudio y enseñanza
_99192
905 _aLibro
999 _c106399
_d106399